000 00276nam a22001217a 4500
008 170424b xxu||||| |||| 00| 0 eng d
041 _aeng
080 _27TH
_a543
100 _a12
101 _aSHM
245 _aB.D.H REAGENTS FOR DELICATE ANALYSIS
_cB.D.H
942 _2udc
_cBK
999 _c11824
_d11824